000 00434nam a22001217a 4500
005 20260629130845.0
100 _aAmeer Mukhtiar
_a21-MSIT-08
_aSupervisor - Dr. Saima Siraj Soomro
_91030
245 _aImage Based Tomato Disease Classification Using Efficientnet A Comparative Study with VGG-16 (Thesis MS)
260 _aNawabshah
_bQUEST
_c2025
300 _a86p.
700 _aDepartment of Information Technology
_9954
942 _cTHESIS
999 _c69088
_d69085